Wordt geladen...

Dharma darsan ke aayam: Dimensions of philosophy of religion: Sajeevan Prasadsmrithi granth/

Bibliografische gegevens
Hoofdauteur: Ambika Dutt Sharma
Formaat: Printed Book
Gepubliceerd in: Delhi: New Bharatiya Book Corporation, 2014.
Onderwerpen:
LEADER 00694nam a22001697a 4500
020 |a 9788183152600 
082 |a H 210  |b AMB/D 
100 |a Ambika Dutt Sharma 
245 |a Dharma darsan ke aayam:  |b Dimensions of philosophy of religion: Sajeevan Prasadsmrithi granth/  |c Ambika Dutt Sharma, B N Ojha, Sailaj Kumar Singh and Syamal Kishore. 
260 |a Delhi:  |b New Bharatiya Book Corporation,  |c 2014. 
300 |a 548p. 
600 |a Sajeevan Prasad 
650 |a Religion Philosophy 
650 |a Religion 
942 |c BK 
999 |c 57235  |d 57235 
952 |0 0  |1 0  |4 0  |6 H_210_000000000000000_AMB_D  |7 0  |9 80407  |a SSUS  |b SSUS  |c STACKS  |d 2015-11-13  |g 1500.00  |l 6  |o H 210 AMB/D  |p 078980  |r 2019-09-27  |s 2019-08-29  |w 2015-11-13  |y BK